000 00345nam a2200145Ia 4500
008 230718s9999 xx 000 0 und d
041 _aEng.
082 _a343.07
_bSHE-9
100 _aSher Vami Aziz P.
245 0 _a99 Lectures on Business law
260 _aPakistan
_bReham Publishers
_c2009
300 _a391
650 _aLaw
999 _c29719
_d29719